000 00725nam a22001457a 4500
003 OSt
005 20160323103845.0
008 160323b xxu||||| |||| 00| 0 eng d
040 _cRUA
082 _aAGR.BB PHO 2010 B470 Or.1
100 _98139
_aPHORN BOREY; ភ័ណ្ឌ បូរី
245 _aEffect of hill spacing on green mustard in anlongvil commune, sangker district, battambang province, ឥទ្ធិពលចន្លោះគុម្ពទៅលើការលូតលាស់របស់ដំណាំស្ពៃខៀវក្នុងឃុំអន្លង់វិល ស្រុកសង្កែ ខេត្តបាត់ដំបង
300 _aix,46p.
_bill.
_c29cm.
942 _2ddc
_cAGRBB
999 _c7752
_d7752